1250 1784 1117 1917 1423 1582 1612 1993 1488 1135 1035 1761 1581 1972 1475 1136 1936 1220 1095 1131 1305 1297 1547 1516 1393 1922 1284 1278 1299 1574 1330 1500 1629 1319 1857 1242 1164 1077 1830 1745 1245 1651 1349 1394 1179 1423 1678 1775 1643 1031 1545 1661 1814 1420 1332 1866 1832 1107 1446 1830 1470 1134 1176 1454 1003 1319 1759 1257 1719 1215 1842 1629 1599 1855 1238 1670 1938 1856 1714 1934 1796 1265 1234 1127 1200 1004 1424 1716 1370 1067 1255 1317 1542 1307 1483 1973 1495 1833 1760 BCNSPRNW ULIB Ver.6.0+V

เปลี่ยนเป็นภาษาไทย

Change to English
 แสดงรายละเอียดบรรณานุกรม
  กลับหน้าหลัก

Brief Record : Get Marc (ISO 2709) : E-mail record : QR code < ปิดหน้าต่าง
LEADER : 00000nam 2200000uu 4500
001    13399108394
003     ULIB
008    110302s2552||||th 000 0 tha d
020    9789747787016(ล.2)
060 04 WY100^bพ342น ล.2 2552
245 00 แนวคิดพื้นฐานและหลักการพยาบาล^nเล่ม 2 /^cบรรณาธิการ,อภิญญา เพียรพิจารณ์
250    พิมพ์ครั้งที่ 11
260    นนทบุรี :^bโครงการสวัสดิการวิชาการ สถาบันพระบรมราชชนก,^c2552
300    [20], 487 หน้า :^bภาพประกอบ ;^c26 ซม.
650  7 การพยาบาล
650  7 การพยาบาลเบื้องต้น
700 0  อภิญญา เพียรพิจารณ์,^eบรรณาธิการ
710 2  สถาบันพระบรมราชชนก. ^bโครงการสวัสดิการวิชาการ
945    ^p220^l0^i028896
945    ^p220^l0^i028895
945    ^p220^l0^i028894
945    ^p220^l0^i028221
945    ^p220^l0^i028219
945    ^p220^l0^i028218
945    ^p220^l0^i028897
945    ^p220^l0^i028220
995    ทศพร
999 ^a ใช้งานได้ทุกระบบ
รายการนี้ยังไม่มีแท็ก
คุณยังไม่ได้ล็อกอิน คุณสามารถมีกิจกรรมร่วมกับเว็บไซต์ได้ แต่ต้องล็อกอินก่อน ::
  ล็อกอิน

รายการสื่อสารสนเทศ

ลำดับที่ ประเภท เลขเรียก/บาร์โค้ด สถานที่ สถานะ
1. วิทยาศาสตร์การแพทย์ และสุขภาพ
วิทยาศาสตร์การแพทย์ และสุขภาพ
สถานะ=หนังสือเก่า
WY100 พ342น ล.2 2552 ฉ.5 
  Barcode: 028894
ห้องสมุดวิทยาเขตสวรรค์ประชารักษ์
►หนังสือทั่วไป
ถูกยืม กำหนดส่งวันที่ 4 กรกฎาคม 2568
  จอง

รายการใกล้เคียง
    หัวเรื่อง [การพยาบาล]
    หัวเรื่อง [การพยาบาลเบื้องต้น]

BibComment


ยังไม่เคยถูกคอมเมนท์

คอมเมนท์ทรัพยากรรายการนี้
  คอมเมนท์: แนวคิดพื้นฐานและห..


 Copyright 2026. Bcnsprnw @Library